Umstrittene Länder der Welt - Statistiken

Allgemein
  • Dieses Quiz wurde 367 mal gespielt
    331 seit der letzten Aktualisierung
  • Das Durchschnittsergebnis liegt bei 9 aus 13
Antwortstatistiken
Dachte, ein Teil von zu sein Länder % Korrekt
Taiwan China
93%
Palästina Israel
91%
Südkorea Nordkorea
91%
Nordkorea Südkorea
88%
Israel Palästina
84%
Serbien Kosovo
79%
China Taiwan
79%
Nordzypern Zypern
78%
Zypern Nordzypern
73%
Marokko Westsahara
64%
Keiner Armenien
42%
Georgien Abchasien
35%
Georgien Südossetien
28%
Keine übereinstimmenden Quizze gefunden
Verteilung der Resultate
Anzahl Personen mit jedem Resultat
Perzentil nach korrekt beantworteten Fragen
Ihre Resultats-Entwicklung
Sie haben dieses Quiz seit der letzten Aktualisierung nicht gespielt